000 00660nam a2200205Ii 4500
003 JO-AjNU
008 230605s9999||||xx |||||||||||||| ||und||
040 _aJO-AjNU
_bara
_erda
_cJO-AjNU
041 _aara
050 1 4 _aD199.3.KA 1973
100 3 _aبقلم خفاجي، محمد عبد المنعم,
_eauthor
_940141
245 0 0 _aالاسلام والحضارة الانسانية
250 _aط1
264 3 1 _aبيروت: دار الكتاب اللبناني، 1973
300 _a366ص
336 _atext
_btxt
_2rdacontent
337 _aunmediated
_bn
_2rdamedia
338 _avolume
_bnc
_2rdacarrier
650 4 _aحضارة اسلامية
_940142
999 _aA17010
_c20578
_d20578